| 000 | 00958nam0a22002411 4500 | ||
|---|---|---|---|
| 001 | rc\866616 | ||
| 005 | 20041129093213.8 | ||
| 035 | _a(NLR Aleph) 006045530 | ||
| 090 |
_a4749766 _c4749766 |
||
| 100 | _a20041129d1983 u |0rusy50 ca | ||
| 101 | 0 | _arus | |
| 102 | _aRU | ||
| 105 | _aa ||||||||| | ||
| 200 | 1 |
_aАнализ прибыли и рентабельности промышленных предприятий (объединений) _eТекст лекций [для студентов спец. 1738 и слушателей ФПК (ИТР)] |
|
| 210 |
_aМ. _cМЭСИ _d1983 |
||
| 215 |
_a23 с. _cил. _d20 |
||
| 300 | _aВ надзаг.: М-во высш. и сред. спец. образования СССР, Моск. экон.-стат. ин-т | ||
| 700 | 1 |
_aСтукова _bА. А. _gАлла Александровна |
|
| 801 | 0 |
_aRU _bNLR _gpsbo |
|
| 801 | 1 |
_aRU _bELAR _2rusmarc |
|
| 852 |
_aNLR _j84-4/7844 |
||
| 942 | _cBOOK | ||
| 980 | _aNB | ||